000 01146nam a22003731i 4500
999 _c1208
_d1208
001 017651242
003 Uk
005 20221129112708.0
008 151012s2016 enk j 000|0|eng|d
015 _aGBB5H2969
_2bnb
016 7 _a017651242
_2Uk
020 _a9780008124229 (pbk.) :
040 _aStDuBDS
_beng
_cStDuBDS
_dUk
_dKH8
_erda
042 _aukblsr
082 0 4 _a910 LEN
_223
100 1 _aLenon, Barnaby J.,
_eauthor.
245 1 0 _aGeography :
_bCambridge AS and A level /
_cBarnaby Lenon, Iaín Palôt, Robert Morris, Rebecca Kitchen, Andy Schindler.
264 1 _aLondon :
_bCollins Educational,
_c2016.
300 _a424 pages ;
_c27 cm.
336 _atext
_2rdacontent
337 _aunmediated
_2rdamedia
338 _avolume
_2rdacarrier
490 0 _aCollins Cambridge AS and A level
500 _aFormerly CIP.
_5Uk
521 2 _aAS.
521 2 _aA-level.
650 0 _aGeography.
650 0 _aGeography
_vProblems, exercises, etc.
700 1 _aPalôt, Iaín,
_eauthor.
700 1 _aMorris, Robert,
_eauthor.
700 1 _aKitchen, Rebecca,
_eauthor.
700 1 _aSchindler, Andy,
_eauthor.
942 _2ddc
_cTR